|
|
|
|
| LEADER |
00000cam a22000002c 4500 |
| 001 |
1840061367 |
| 003 |
DE-627 |
| 005 |
20250929205305.0 |
| 007 |
cr uuu---uuuuu |
| 008 |
230324s2005 xx |||||o 00| ||eng c |
| 024 |
7 |
|
|a 10.3886/ICPSR13602.v1
|2 doi
|
| 035 |
|
|
|a (DE-627)1840061367
|
| 035 |
|
|
|a (DE-599)KXP1840061367
|
| 040 |
|
|
|a DE-627
|b ger
|c DE-627
|e rda
|
| 041 |
|
|
|a eng
|
| 084 |
|
|
|a 2,1
|2 ssgn
|
| 100 |
1 |
|
|a Earls, Felton J.
|e VerfasserIn
|4 aut
|
| 245 |
1 |
0 |
|a Project on Human Development in Chicago Neighborhoods (PHDCN): Substance Use, Wave 1, 1994-1997
|
| 264 |
|
1 |
|a [Erscheinungsort nicht ermittelbar]
|b [Verlag nicht ermittelbar]
|c 2005
|
| 336 |
|
|
|a Text
|b txt
|2 rdacontent
|
| 337 |
|
|
|a Computermedien
|b c
|2 rdamedia
|
| 338 |
|
|
|a Online-Ressource
|b cr
|2 rdacarrier
|
| 520 |
|
|
|a The Project on Human Development in Chicago Neighborhoods (PHDCN) was a large-scale, interdisciplinary study of how families, schools, and neighborhoods affect child and adolescent development. One component of the PHDCN was the Longitudinal Cohort Study, which was a series of coordinated longitudinal studies that followed over 6,000 randomly selected children, adolescents, and young adults, and their primary caregivers over time to examine the changing circumstances of their lives, as well as the personal characteristics, that might lead them toward or away from a variety of antisocial behaviors. Numerous measures were administered to respondents to gauge various aspects of human development, including individual differences, as well as family, peer, and school influences. The Substance Use interview was a self-report measure administered to Cohorts 9, 12, 15, and 18 to obtain information regarding the subject's use of specific drugs.
|
| 540 |
|
|
|a ICPSR Terms of Use
|
| 650 |
|
4 |
|a Adolescents
|
| 650 |
|
4 |
|a Alcohol
|
| 650 |
|
4 |
|a Alcohol consumption
|
| 650 |
|
4 |
|a amphetamines
|
| 650 |
|
4 |
|a barbiturates
|
| 650 |
|
4 |
|a Child Development
|
| 650 |
|
4 |
|a Cocaine
|
| 650 |
|
4 |
|a crack cocaine
|
| 650 |
|
4 |
|a drinking behavior
|
| 650 |
|
4 |
|a Drug Abuse
|
| 650 |
|
4 |
|a Drug use
|
| 650 |
|
4 |
|a Drugs
|
| 650 |
|
4 |
|a Hallucinogens
|
| 650 |
|
4 |
|a Heroin
|
| 650 |
|
4 |
|a inhalants
|
| 650 |
|
4 |
|a Marijuana
|
| 650 |
|
4 |
|a sedatives
|
| 650 |
|
4 |
|a Smoking
|
| 650 |
|
4 |
|a Social Behavior
|
| 650 |
|
4 |
|a steroids
|
| 650 |
|
4 |
|a stimulants
|
| 650 |
|
4 |
|a Tobacco use
|
| 650 |
|
4 |
|a tranquilizers
|
| 655 |
|
7 |
|a Forschungsdaten
|0 (DE-588)1098579690
|0 (DE-627)857755366
|0 (DE-576)469182156
|2 gnd-content
|
| 700 |
1 |
|
|a Brooks-Gunn, Jeanne
|e MitwirkendeR
|4 ctb
|
| 700 |
1 |
|
|a Raudenbush, Stephen W.
|e MitwirkendeR
|4 ctb
|
| 700 |
1 |
|
|a Sampson, Robert J.
|e MitwirkendeR
|4 ctb
|
| 787 |
0 |
8 |
|i Forschungsdaten zu
|a Andrade, Fernando H.
|t Can the school context moderate the protective effect of parental support on adolescents' school trajectories in urban Chicago?
|d 2013
|w (DE-627)191250359X
|
| 787 |
0 |
8 |
|i Forschungsdaten zu
|a Zimmerman, Gregory M.
|t Decomposing the peer effect on adolescent substance use: Mediation, nonlinearity, and differential nonlinearity
|d 2011
|w (DE-627)1912506734
|
| 787 |
0 |
8 |
|i Forschungsdaten zu
|a Zimmerman, Gregory M.
|t Detecting specialization in interpersonal violence versus suicidal behavior
|d 2014
|w (DE-627)1912509938
|
| 787 |
0 |
8 |
|i Forschungsdaten zu
|a Oshri, Assaf
|t Developmental trajectories of substance use among sexual minority girls: Associations with sexual victimization and sexual health risk
|d 2014
|w (DE-627)1912512211
|
| 787 |
0 |
8 |
|i Forschungsdaten zu
|a Reardon, Sean F.
|t Differences in onset and persistence of substance abuse and dependence among whites, blacks, and Hispanics
|d 2002
|w (DE-627)1912513595
|
| 787 |
0 |
8 |
|i Forschungsdaten zu
|a Weir, Henriikka
|t Diverse Long-Term Effects of Childhood Exposure to Intimate Partner Violence: Development of Externalizing Behaviors in Males and Females
|d 2021
|w (DE-627)1778199925
|
| 787 |
0 |
8 |
|i Forschungsdaten zu
|a Gibson, Chris L.
|t 'Does it take a village?' Assessing neighborhood influences on children's self-control
|d 2010
|w (DE-627)1912518589
|
| 787 |
0 |
8 |
|i Forschungsdaten zu
|a Crittenden, Courtney A.
|t The effects of exposure to intimate partner violence on children's development
|d 2011
|w (DE-627)1912531194
|
| 787 |
0 |
8 |
|i Forschungsdaten zu
|a Reardon, Sean F.
|t Estimating Multi-Level Discrete-Time Hazard Models Using Cross-Sectional Data: Neighborhood Effects on the Onset of Adolescent Cigarette Use
|d 2002
|w (DE-627)1912540886
|
| 787 |
0 |
8 |
|i Forschungsdaten zu
|a Maurer, Katherine
|t An Examination of the Dynamics of Intergenerational Transmission of Family Violence as Mediated by Affect Regulation Capacity
|d [Erscheinungsort nicht ermittelbar] : New York University, 2015
|w (DE-627)1912544857
|
| 787 |
0 |
8 |
|i Forschungsdaten zu
|a Novak, Scott P.
|t How beliefs about substance use differ by socio-demographic characteristics, individual experiences, and neighborhood environments among urban adolescents
|d 2002
|w (DE-627)191257683X
|
| 787 |
0 |
8 |
|i Forschungsdaten zu
|a Zimmerman, Gregory M.
|t Impulsivity, Offending, and the Neighborhood: Investigating the Person-Context Nexus
|d [Erscheinungsort nicht ermittelbar] : State University of New York, Albany, 2009
|w (DE-627)1912587246
|
| 787 |
0 |
8 |
|i Forschungsdaten zu
|a Lobo Antunes, Maria J.
|t A Multilevel Exploration of Neighborhood Disorder, Family Management and Youth Antisocial Behavior
|d [Erscheinungsort nicht ermittelbar] : University of Maryland, 2012
|w (DE-627)1912627779
|
| 787 |
0 |
8 |
|i Forschungsdaten zu
|a Santos, Kristin L.
|t Neighborhood Effects on Physical Child Abuse, and Outcomes of Mental Illness and Delinquency: An HLM Analysis
|d [Erscheinungsort nicht ermittelbar] : University of Akron, 2017
|w (DE-627)1912634139
|
| 787 |
0 |
8 |
|i Forschungsdaten zu
|a Reardon, Sean F.
|t A partial independence item response model for surveys with filter questions
|d 2006
|w (DE-627)1912645165
|
| 787 |
0 |
8 |
|i Forschungsdaten zu
|a Ozdemir, Metin
|t Predictors and Outcomes of Adolescent Self-Efficacy Beliefs: An Analysis of Individual, Peer, Family, and Neighborhood Level Variables
|d [Erscheinungsort nicht ermittelbar] : University of Maryland, Baltimore County, 2009
|w (DE-627)191265895X
|
| 787 |
0 |
8 |
|i Forschungsdaten zu
|a Barajas-Gonzalez, R. Gabriela
|t Substance use differences among U.S.- versus foreign-born adolescents: Testing pathways through family and peer influences
|d 2014
|w (DE-627)1912717085
|
| 787 |
0 |
8 |
|i Forschungsdaten zu
|a Frank, Reanne
|t A tale of two cities: Residential context and risky behavior among adolescents in Los Angeles and Chicago
|d 2011
|w (DE-627)1912720973
|
| 787 |
0 |
8 |
|i Forschungsdaten zu
|a Kirk, David S.
|t Unraveling the Neighborhood and School Effects on Youth Behavior
|d [Erscheinungsort nicht ermittelbar] : The University of Chicago, 2006
|w (DE-627)1912736217
|
| 787 |
0 |
8 |
|i Forschungsdaten zu
|a Molnar, Beth E.
|t Violent behavior by girls reporting violent victimization: A prospective study
|d 2005
|w (DE-627)191274418X
|
| 856 |
4 |
0 |
|u https://doi.org/10.3886/ICPSR13602.v1
|x Resolving-System
|z kostenfrei
|3 Volltext
|7 0
|
| 935 |
|
|
|a mkri
|
| 951 |
|
|
|a BO
|
| ELC |
|
|
|a 1
|
| LOK |
|
|
|0 000 xxxxxcx a22 zn 4500
|
| LOK |
|
|
|0 001 4296809008
|
| LOK |
|
|
|0 003 DE-627
|
| LOK |
|
|
|0 004 1840061367
|
| LOK |
|
|
|0 005 20230324125309
|
| LOK |
|
|
|0 008 230324||||||||||||||||ger|||||||
|
| LOK |
|
|
|0 035
|a (DE-2619)ICPSR13602
|
| LOK |
|
|
|0 040
|a DE-2619
|c DE-627
|d DE-2619
|
| LOK |
|
|
|0 092
|o n
|
| LOK |
|
|
|0 852
|a DE-2619
|
| LOK |
|
|
|0 852 1
|9 00
|
| LOK |
|
|
|0 935
|a foda
|a nacj
|
| LOK |
|
|
|0 939
|a 24-03-23
|b l01
|
| OAS |
|
|
|a 1
|
| ORI |
|
|
|a SA-MARC-krimdoka001.raw
|